Spell the Marvel Character #221 - Statistics

General Stats
  • This quiz has been taken 12 times
  • The average score is 6 of 8
Answer Stats
Picture Answer % Correct
Daredevil
100%
Falcon
82%
Aurora
73%
Lady Fantomex
73%
Namora
73%
Ancient One
64%
Fandral
64%
Rachel Summers
45%
No matching quizzes found
Score Distribution
Percent of People with Each Score
Percentile by Number Answered
Your Score History
You have not taken this quiz